Currículum y enseñanza: una didáctica centrada en procesos
Gespeichert in:
| Hauptverfasser: | , |
|---|---|
| Format: | Buch |
| Sprache: | Spanisch |
| Veröffentlicht: |
Madrid
EOS
1994
|
| Ausgabe: | 1a. ed |
| Schlagworte: | |
| Tags: |
Tag hinzufügen
Keine Tags, Fügen Sie den ersten Tag hinzu!
|
MARC
| LEADER | 00000nam a2200000 a 4500 | ||
|---|---|---|---|
| 001 | UCO7884 | ||
| 003 | CL-VaPUC | ||
| 008 | 001124e19940000SP |||||||||||||||||spa|d | ||
| 020 | |a 8485851447 | ||
| 082 | 0 | 4 | |a 375 |b ROM |2 21 |
| 100 | 0 | |a Román Pérez, Martiniano |e author |9 452657 | |
| 700 | |a Díez López, Eloísa |e author |9 415327 | ||
| 245 | 1 | 0 | |a Currículum y enseñanza: una didáctica centrada en procesos |
| 250 | |a 1a. ed | ||
| 300 | |a 436 p | ||
| 942 | |c BK | ||
| 945 | |d 20001124 00:00:00 |a cmena | ||
| 260 | |a Madrid |b EOS |c 1994 | ||
| 650 | 0 | |a Curriculos |9 343652 | |
| 650 | 0 | |a Educación integral |9 382871 | |
| 650 | 0 | |a Planificación de la educación |9 307333 | |
| 650 | 0 | |a Desarrollo cultural |9 267526 | |
| 650 | 0 | |a Diseño de curriculos |9 452659 | |
| 650 | 0 | |a Métodos de enseñanza |9 270413 | |
| 650 | 0 | |a Evaluación de la educación |9 237505 | |
| 583 | |a last modification |c 20001124 00:00:00 |k Rodrigo Vera | ||
| 999 | |c 292725 |d 292723 | ||
| 952 | |0 0 |1 0 |4 0 |6 375_000000000000000_ROM_1994 |7 0 |8 A |9 343786 |a BIBING |b BIBING |d 2019-11-20 |i 366631K |o 375 ROM 1994 |p 366631K |r 2025-01-20 |w 2019-11-20 |y BK |k GEO | ||
| 952 | |0 0 |1 0 |4 0 |6 375_000000000000000_ROM_1994 |7 0 |8 A |9 343787 |a BIBEDU |b BIBEDU |d 2019-11-20 |i 3941744 |o 375 ROM 1994 |p 3941744 |r 2019-11-20 |w 2019-11-20 |y BK |k EDU | ||
| 952 | |0 0 |1 0 |4 0 |6 375_000000000000000_ROM_1994 |7 0 |8 A |9 343788 |a BIBEDU |b BIBEDU |d 2019-11-20 |i 4595033 |o 375 ROM 1994 |p 4595033 |r 2019-11-20 |w 2019-11-20 |y BK |k BME | ||